000 01043nac a22002777a 4500
001 BR0704656
003 BR-BrBNA
005 20240105123454.0
008 230509b bl.|||m| |||| 00| 0 por d
040 _aBR-BrBNA
_bpor
_cBiblioteca Nacional de Agricultura
072 _aH20
090 _a1060 BR0704656
100 1 _aMendes, L.O.T.
110 1 _aInstituto Agronômico, Campinas, SP (Brasil)
245 1 _aResultados experimentais obtidos num estudo sobre os meios de combate à "verrugose" (Sphaceloma australis Bit. Jenk. 1936 da laranja doce (Citrus sinensis OSB)
250 1 _a2. ed.
260 3 _aCampinas, SP (Brasil):
_c1938.
300 _a27 p.
490 _aBoletim Técnico - Instituto Agronômico (Brazil)
_vno. 30
_xISSN 0100-3100
500 _aReprint of "Revista de Agricultura" v. 12 (8-9), Aug-Sep 1937; Documento microfilmado e tratado BR6005076
650 _aLARANJA DOCE
650 _aVERRUGOSE
650 _aDOENÇA DE PLANTA
909 _a202312
_bLúcia Elande
_c55
_dLúcia Elande
942 _2AGRIS
_n0
_cMS
999 _c295618
_d295618